000 00639cam a2200181 i 4500
020 _a0313227578 (lib. bdg.)
082 0 0 _a923.173
_aLIN
100 1 _aAngle, Paul M.
_950643
245 1 4 _aThe Lincoln reader /
_cedited, with an introd. by Paul M. Angle.
260 _aWestport, Conn. :
_bGreenwood Press,
_c1981, c1947.
300 _axii, 564 p., [16] leaves of plates :
_bill. ;
_c24 cm.
500 _aIncludes index.
500 _aReprint of the ed. published by Rutgers University Press.
526 _a0
_b0
_c0
_d923_173000000000000
650 0 _aMCE
_9379
650 0 _aPresidents
_zUnited States
_xBiography.
_950572
942 _2ddc
_cBK
999 _c553402
_d553402